000 00351cam a2200169ua 4500
020 _c2.00
041 _aeng
_h
082 _a821
_bMUL/FA
100 _aMallik, B R.
245 _aFairy queen
260 _aNew Delhi :
_bS.Chand & Sons ,
_c1966.
300 _a128 ; .
365 _a2.00
504 _a
942 _cBK
999 _c4321
_d4321